| 000 | 00604cam a22002052 4500 | ||
|---|---|---|---|
| 001 | 0000003445 | ||
| 005 | 20151217151925.0 | ||
| 008 | 070507s xx 000 0 eng d | ||
| 020 |
_a0737727977 : _cGBP 19.73 |
||
| 040 |
_aKABU _cKABU |
||
| 050 | 0 |
_aKF3775 _b.A7E58 |
|
| 245 | 1 | 4 |
_aThe Environment / _cAndrea C. Nakaya, Book editor. |
| 260 |
_aDetroit : _bThomson, _c2006. |
||
| 300 | _a163 p. | ||
| 650 | 0 |
_aEnvironment law _zUnited States. _xCases. _@0000153380 |
|
| 700 | 1 |
_aNakaya, Andrea C. _@0000153381 |
|
| 908 | _a070507 | ||
| 950 | _@1 | ||
| 999 |
_c6409 _d6409 |
||